| 000 | 00521nam a2200169 4500 | ||
|---|---|---|---|
| 001 | 107883 | ||
| 003 | ES-MaACL | ||
| 005 | 20230906184521.0 | ||
| 007 | t| | ||
| 008 | 061121s1968 sp r ||||1| spa d | ||
| 100 | 1 |
_aMounin, Georges. _983877 |
|
| 245 | 1 | 0 |
_aHistoria de la lingüística _b: desde los orígenes al siglo XX / _cGeorges Mounin; versión de Felisa Marcos. |
| 260 |
_aMadrid : _bGredos, _c1968. |
||
| 300 |
_a235 p. ; _c20 cm. |
||
| 700 | 1 |
_aMarcos, Felisa. _976505 |
|
| 852 |
_aES-MaACL _jC-34719 _bR.66706 |
||
| 999 |
_c107883 _d107883 |
||